00567nam a2200205Ia 4500003000900000005001700009008004100026040001300067040001300080041000800093100001700101100000900118245014300127250001000270260002300280260000900303300001100312490003200323490000600355IT-RoPAU20220918175616.0120407s9999 xx 000 0 und d aIT-RoPAU cIT-RoPAU aita aPietro Pirri cs.j. aPio IX e Vittorio Emmanuele II, dal loro carteggio privato. I. La laicizzazione dello Stato Sardo (1848-1856). La questione Romana (2 v.)  aRoma  aSaler e Gregoriana c1944 c24 cm aMisc. Hist. Pont. 8, 16, 17 v1